[Event "Valle Region-ch qual 3"]
[Site "Cali"]
[Date "2012.04.01"]
[Round "6.1"]
[White "Morales, Jhon Alexander"]
[Black "Mayorquin, Nicolas"]
[Result "1/2-1/2"]
[WhiteElo "2327"]
[BlackElo "1908"]
[PlyCount "39"]
[EventDate "2012.03.30"]
[EventType "swiss"]
[EventRounds "7"]
[EventCountry "COL"]
[SourceTitle "EXT 2024"]
[Source "ChessBase"]
[SourceDate "2023.10.10"]
[SourceVersion "1"]
[SourceVersionDate "2023.10.10"]
[SourceQuality "1"]

1. b3 d6 2. Bb2 Nc6 3. e3 Nf6 4. c4 g6 5. Bxf6 exf6 6. Nc3 Bg7 7. g3 f5 8. d4 0-0 9. Bg2 Re8 10. Nge2 Bd7 11. 0-0 h6 12. Rb1 a5 13. Qd2 Qe7 14. Rfd1 g5 15. Nd5 Qd8 16. c5 Be6 17. Nxc7 Qxc7 18. d5 Bxd5 19. Qxd5 dxc5 20. Qxc5 1/2-1/2

[Event "COL-ch U20"]
[Site "Bogota"]
[Date "2012.02.18"]
[Round "7"]
[White "Barajas, Ivan"]
[Black "Mayorquin, Nicolas"]
[Result "0-1"]
[WhiteElo "1821"]
[BlackElo "1897"]
[PlyCount "79"]
[EventDate "2012.02.15"]
[EventType "swiss"]
[EventRounds "7"]
[EventCountry "COL"]
[SourceTitle "CBM 147 Extra"]
[Source "ChessBase"]
[SourceDate "2012.04.24"]
[SourceVersion "1"]
[SourceVersionDate "2012.04.24"]
[SourceQuality "1"]

1. e4 c5 2. Nf3 d6 3. d4 cxd4 4. Nxd4 Nf6 5. Nc3 a6 6. Be2 e5 7. Nb3 Be7 8. 0-0 Be6 9. f4 Nc6 10. Kh1 b5 11. f5 Bc4 12. Bxc4 bxc4 13. Nd2 Na5 14. Nf3 Rc8 15. h3 Qb6 16. Nd5 Nxd5 17. Qxd5 0-0 18. Qd1 c3 19. b3 Qc6 20. Qe1 Nb7 21. Nh4 f6 22. Qe2 d5 23. exd5 Qxd5 24. Qg4 Qd4 25. Qg3 Nd6 26. Bh6 Rf7 27. Be3 Qb4 28. a3 Qb7 29. Bg1 Nb5 30. a4 Nd4 31. Bxd4 exd4 32. Rad1 Bc5 33. Rfe1 Rd7 34. Re6 Qb8 35. Qf3 Rcd8 36. Rd3 Qb7 37. Qg4 Rd6 38. Qe2 Qf7 39. Re7 Qf8 40. Re4 0-1

[Event "Pan American-ch U14"]
[Site "Cali"]
[Date "2011.07.??"]
[Round "3"]
[White "Mayorquin, Nicolas"]
[Black "Ruiz Castillo, Joshua Daniel"]
[Result "0-1"]
[WhiteElo "1880"]
[BlackElo "2165"]
[PlyCount "74"]
[EventDate "2011.07.03"]
[EventType "swiss"]
[EventRounds "9"]
[EventCountry "COL"]
[SourceTitle "EXT 2024"]
[Source "ChessBase"]
[SourceDate "2023.10.10"]
[SourceVersion "1"]
[SourceVersionDate "2023.10.10"]
[SourceQuality "1"]

1. e4 c5 2. Nf3 d6 3. d4 cxd4 4. Nxd4 Nf6 5. Nc3 a6 6. g3 e5 7. Nde2 Be7 8. Bg2 0-0 9. h3 b5 10. 0-0 Bb7 11. g4 Nbd7 12. Ng3 Nb6 13. Nd5 Nfxd5 14. exd5 Bg5 15. Nf5 Bxc1 16. Rxc1 g6 17. Ne3 Rc8 18. Qd3 Na4 19. c4 Nxb2 20. Qb3 Na4 21. cxb5 Nc5 22. Qb1 axb5 23. Rfd1 Qa5 24. Bf1 Ba6 25. Nc2 f5 26. Nb4 fxg4 27. Nc6 Qc7 28. hxg4 Rf4 29. Be2 Rcf8 30. Rf1 Qf7 31. f3 Kg7 32. Rcd1 Qf6 33. Kg2 Qh4 34. Nb4 h5 35. Nd3 Nxd3 36. Qxd3 hxg4 37. Rh1 gxf3+ 0-1

[Event "South Region-ch U14"]
[Site "Neiva"]
[Date "2011.04.16"]
[Round "6.1"]
[White "Mayorquin, Nicolas"]
[Black "Gonzalez, Andres Felipe"]
[Result "0-1"]
[WhiteElo "1880"]
[BlackElo "1962"]
[PlyCount "74"]
[EventDate "2011.04.14"]
[EventType "swiss"]
[EventRounds "7"]
[EventCountry "COL"]
[SourceTitle "EXT 2024"]
[Source "ChessBase"]
[SourceDate "2023.10.10"]
[SourceVersion "1"]
[SourceVersionDate "2023.10.10"]
[SourceQuality "1"]

1. e4 c5 2. Nf3 d6 3. d4 cxd4 4. Nxd4 g6 5. Nc3 Bg7 6. Nb3 Nf6 7. Be2 0-0 8. 0-0 Nc6 9. Bg5 Be6 10. f4 b5 11. Bf3 a5 12. a4 b4 13. Nb5 Qb6+ 14. Kh1 Bc4 15. Be2 Bxb3 16. cxb3 Nxe4 17. Bh4 Bxb2 18. Rb1 Bf6 19. Bf3 Bxh4 20. Bxe4 Rac8 21. f5 Ne5 22. fxg6 hxg6 23. g3 Bf6 24. h4 Qe3 25. Qe1 Qxe1 26. Rbxe1 Kg7 27. Kg2 Ng4 28. Kh3 Ne5 29. Kg2 Rfd8 30. Rc1 Rxc1 31. Rxc1 d5 32. Bb1 d4 33. Kf2 Kh6 34. Rc5 d3 35. Ke1 d2+ 36. Kd1 Ng4 37. Bc2 Ne3+ 0-1

[Event "COL-ch School U15"]
[Site "Neiva"]
[Date "2010.03.17"]
[Round "1.1"]
[White "Barros, Raul Junior"]
[Black "Mayorquin, Nicolas"]
[Result "1-0"]
[WhiteElo "2076"]
[BlackElo "1851"]
[PlyCount "105"]
[EventDate "2010.03.17"]
[EventType "swiss"]
[EventRounds "8"]
[EventCountry "COL"]
[SourceTitle "EXT 2024"]
[Source "ChessBase"]
[SourceDate "2023.10.10"]
[SourceVersion "1"]
[SourceVersionDate "2023.10.10"]
[SourceQuality "1"]

1. e4 c5 2. Nf3 d6 3. d4 cxd4 4. Nxd4 Nf6 5. Nc3 a6 6. g3 e6 7. Bg2 Be7 8. 0-0 Nbd7 9. f4 Qc7 10. a4 0-0 11. Kh1 Nb6 12. Qe2 e5 13. Nf5 Bxf5 14. exf5 Rfe8 15. fxe5 dxe5 16. Bg5 Rad8 17. Rae1 h6 18. Bh4 Nbd7 19. Qf3 b6 20. h3 Bb4 21. Nd5 Nxd5 22. Bxd8 Rxd8 23. c3 Nxc3 24. bxc3 Qxc3 25. Rd1 Qxf3 26. Rxf3 Bc5 27. Rd5 a5 28. Bf1 Kf8 29. Bb5 Ke7 30. Bxd7 Rxd7 31. Rxe5+ Kf6 32. Re2 Rd1+ 33. Kg2 Ra1 34. Rf4 Bb4 35. Rc2 Bc5 36. g4 Kg5 37. Rcc4 Kf6 38. h4 g6 39. fxg6+ Kxg6 40. Rce4 f6 41. Re2 Bb4 42. Re6 Bc5 43. Rexf6+ Kg7 44. Rf7+ Kg8 45. Rb7 Ra2+ 46. Kf3 Ra3+ 47. Ke2 Ra2+ 48. Kd3 Ra3+ 49. Kc2 Rh3 50. h5 Rg3 51. Re4 Kf8 52. Rh7 Rg2+ 53. Kb3 1-0

[Event "Valle Region-ch U16"]
[Site "Yumbo"]
[Date "2010.02.28"]
[Round "6.3"]
[White "Mayorquin, Nicolas"]
[Black "Hernandez, Cristian Andres"]
[Result "0-1"]
[WhiteElo "1851"]
[BlackElo "1932"]
[PlyCount "29"]
[EventDate "2010.02.26"]
[EventType "swiss"]
[EventRounds "7"]
[EventCountry "COL"]
[SourceTitle "EXT 2024"]
[Source "ChessBase"]
[SourceDate "2023.10.10"]
[SourceVersion "1"]
[SourceVersionDate "2023.10.10"]
[SourceQuality "1"]

1. e4 c5 2. Nf3 d6 3. d4 cxd4 4. Nxd4 Nf6 5. Nc3 e5 6. Nb3 a6 7. f3 Be6 8. Be3 Be7 9. Qd2 0-0 10. g4 b5 11. h4 Nbd7 12. g5 h5 13. 0-0-0 Bc4 14. Na1 Nd5 15. Kb1 0-1

[Event "Valle Region-ch U16"]
[Site "Yumbo"]
[Date "2010.02.27"]
[Round "3.5"]
[White "Valencia, Adrian David"]
[Black "Mayorquin, Nicolas"]
[Result "0-1"]
[WhiteElo "1911"]
[BlackElo "1851"]
[PlyCount "76"]
[EventDate "2010.02.26"]
[EventType "swiss"]
[EventRounds "7"]
[EventCountry "COL"]
[SourceTitle "EXT 2024"]
[Source "ChessBase"]
[SourceDate "2023.10.10"]
[SourceVersion "1"]
[SourceVersionDate "2023.10.10"]
[SourceQuality "1"]

1. e4 c5 2. d4 cxd4 3. c3 dxc3 4. Nxc3 Nc6 5. Nf3 e6 6. Bc4 Qc7 7. Bb3 Nf6 8. 0-0 Bc5 9. Bg5 Ng4 10. Nb5 Qb8 11. g3 a6 12. Nbd4 h6 13. Nxc6 bxc6 14. Bf4 Qb6 15. Qe2 a5 16. Nd2 Nf6 17. Nc4 Qa6 18. Bd6 Bxd6 19. Nxd6+ Ke7 20. Bc4 Qb6 21. e5 Nd5 22. Bxd5 cxd5 23. Qh5 g6 24. Qf3 f5 25. Qf4 Qxb2 26. Rfb1 Qc3 27. Rc1 Qb4 28. Qe3 Ba6 29. Rab1 Qa4 30. Qc5 Rh7 31. Nxf5+ Kf7 32. Nd6+ Kg8 33. Rb2 Rg7 34. Rcb1 Kh7 35. Qe3 Qg4 36. Rb8 Rxb8 37. Rxb8 Qd1+ 38. Kg2 Bf1+ 0-1

[Event "Valle Region-ch U16"]
[Site "Yumbo"]
[Date "2010.02.26"]
[Round "1.8"]
[White "Caicedo, Ronald"]
[Black "Mayorquin, Nicolas"]
[Result "0-1"]
[WhiteElo "1533"]
[BlackElo "1851"]
[PlyCount "26"]
[EventDate "2010.02.26"]
[EventType "swiss"]
[EventRounds "7"]
[EventCountry "COL"]
[SourceTitle "EXT 2024"]
[Source "ChessBase"]
[SourceDate "2023.10.10"]
[SourceVersion "1"]
[SourceVersionDate "2023.10.10"]
[SourceQuality "1"]

1. e4 c5 2. d4 cxd4 3. Nf3 Nc6 4. c3 dxc3 5. Nxc3 Qc7 6. Nd5 Qb8 7. Qc2 e6 8. Bf4 Bd6 9. Bxd6 Qxd6 10. Ne3 Nd4 11. Nxd4 Qxd4 12. Bd3 Nf6 13. Qc5 Qxc5 0-1

[Event "COL-ch U14"]
[Site "Medellin"]
[Date "2009.12.17"]
[Round "6"]
[White "Mayorquin, Nicolas"]
[Black "Diaz, Cristian Camilo"]
[Result "1-0"]
[WhiteElo "1824"]
[BlackElo "2034"]
[PlyCount "67"]
[EventDate "2009.12.15"]
[EventType "swiss"]
[EventRounds "9"]
[EventCountry "COL"]
[SourceTitle "EXT 2024"]
[Source "ChessBase"]
[SourceDate "2023.10.10"]
[SourceVersion "1"]
[SourceVersionDate "2023.10.10"]
[SourceQuality "1"]

1. e4 c5 2. Nf3 d6 3. d4 cxd4 4. Nxd4 Nf6 5. Nc3 a6 6. g3 e5 7. Nde2 Be6 8. Bg2 Be7 9. a4 Nbd7 10. h3 0-0 11. 0-0 Nb6 12. a5 Nc4 13. b4 Qd7 14. Nd5 Bxd5 15. exd5 Qb5 16. c3 b6 17. axb6 Qxb6 18. g4 Rfd8 19. Ng3 a5 20. Nf5 Rd7 21. Qd3 Qc7 22. g5 Ne8 23. f4 exf4 24. Bxf4 Ne5 25. Bxe5 dxe5 26. Nxe7+ Rxe7 27. d6 Qb6+ 28. Kh1 Rd8 29. bxa5 Qxd6 30. Qxd6 Nxd6 31. Rfd1 Red7 32. a6 Nb5 33. Rxd7 Rxd7 34. Bc6 1-0